Normal view
MARC view
Entry Personal Name
001 - CONTROL NUMBER
- control field: 61967
003 - CONTROL NUMBER IDENTIFIER
- control field: OSt
005 - DATE AND TIME OF LATEST TRANSACTION
- control field: 20160603122220.0
008 - FIXED-LENGTH DATA ELEMENTS
- fixed length control field: 160603|| aca||aabn | a|a d
040 ## - CATALOGING SOURCE
- Original cataloging agency: OSt
- Transcribing agency: OSt
100 ## - HEADING--PERSONAL NAME
- Personal name: महामहोपाध्याय, रायबहादुर गौरीशंकर हीराचन्द ओझा
670 ## - SOURCE DATA FOUND
- Source citation: Work cat.: (OSt): महामहोपाध्याय, रायबहादुर गौरीशंकर हीराचन्द ओझा, महाराणा प्रताप , 1928









